| 000 | 00709pam a22002651i 4500 | ||
|---|---|---|---|
| 005 | 20260322212054.0 | ||
| 008 | data | ||
| 010 | _a 80065756 | ||
| 020 | _a0517318253 | ||
| 020 | _a9780517318256 | ||
| 040 |
_aDLC _cDLC _dDLC |
||
| 050 | 1 | 0 |
_aAG243 _b.W34 1980 |
| 082 | 0 | 0 | _a722 |
| 092 | _a722 W34 1980 | ||
| 100 | 1 |
_aWalker, Charles, _d1937- |
|
| 245 | 1 | 0 |
_aWonders of the ancient world / _cCharles Walker. |
| 260 |
_aNew York : _bCrescent Books, _c1980. |
||
| 300 | _a p. cm. | ||
| 500 | _aCataloging based on CIP information. | ||
| 500 | _aIncludes index. | ||
| 504 | _aBibliography: p. | ||
| 650 | 0 | _aCuriosities and wonders. | |
| 906 |
_a7 _bcbc _corignew _d1 _eopcn _f19 _gy-gencatlg |
||
| 001 | data | ||
| 999 |
_c1280 _d1280 |
||